000 00288nam a2200121Ia 4500
008 190216s9999||||xx |||||||||||||| ||und||
100 _aRema Singh
245 0 _aHindi - Palkam Ke Saye Men
260 _b"Neelesh Prakashan, Delhi"
_c2001
300 _a112
650 _aHindi
942 _cBK
999 _c16119
_d16119